000 00492nam a2200181Ia 4500
003 LDD
008 181101s9999 xx 000 0 und d
020 _c100.00
040 _cLDD
100 _aTaban, Gulam Rabbani
245 0 _aGubaar-e-manzil
_cGulam Rabbani Taban
260 _aNew Delhi
_bMaktaba Jamia Ltd.
_c1990
300 _a132p.
901 _a15920
_b17-03-2017
902 _a2840
_b17-03-2017
_cF
_dPIBD
_e8U
903 _a20
_bReqst by : Moh.Akbar
942 _2ddc
_cUR
999 _c193
_d193